000 00698nam a2200241 4500
003 MX-MxINE
005 20260601193905.0
008 260518t1976 enka|||| |||| 00| 0 eng d
040 _aMX-MxINE
_bspa
_cMX-MxINE
_erda
041 _aeng
050 _aNK2715
_bH33 1975-76
100 _eautor
245 _aHabitat 1975/76 :
_bcatalogue de vente par correspondence
264 _aLondon :
_bHabitat,
_c1976
300 _a65 páginas :
_bilustraciones
336 _2rdacontent
_atexto
337 _2rdamedia
_asin medio
338 _2rdacarrier
_avolumen
610 1 _aHabitat (Empresa)
_vCatálogos
650 _aMuebles
_vCatálogos
_99329
650 _aDiseño de mobiliario
942 _2lcc
_n1
_cB
999 _c22381
_d22381